[Event "2nd Science Park Open A"]
[Site "Amsterdam NED"]
[Date "2012.07.17"]
[Round "4"]
[White "Gullaksen, Eirik"]
[Black "Afek, Yochanan"]
[Result "1-0"]
[WhiteTitle "IM"]
[BlackTitle "IM"]
[WhiteElo "2382"]
[BlackElo "2293"]
[WhiteFideId "1500945"]
[BlackFideId "2800462"]
[EventDate "2012.07.14"]

1. e4 c5 2. Nf3 Nf6 3. Nc3 Nc6 4. Bb5 d6 5. e5 Ng4 6. exd6 exd6 7. O-O Be7 8.
Nd5 O-O 9. d4 Be6 10. Bxc6 bxc6 11. Nxe7+ Qxe7 12. dxc5 dxc5 13. Qe2 Qb7 14. h3
Nf6 15. c4 Rfe8 16. Be3 Qb4 17. b3 a5 18. Qc2 a4 19. Ne5 Qb8 20. f4 axb3 21.
axb3 Rxa1 22. Rxa1 Nd7 23. Nxd7 Bxd7 24. Qd3 g6 25. Bxc5 Bf5 26. Qc3 Be4 27. Qf6
Re6 28. Qd4 Qe8 29. Bb4 c5 30. Bxc5 Bc6 31. Rf1 Re2 32. Rf2 h5 33. f5 gxf5 34.
Qf6 Re1+ 35. Kh2 Qe5+ 36. Qxe5 Rxe5 37. Bd4 Re4 38. Rd2 Re1 39. b4 Rc1 40. b5
Be4 41. c5 Rb1 42. Bb2 Kh7 43. Kg3 f6 44. c6 Kg6 45. Kf4 h4 46. Ke3 Kf7 47. Kd4 1-0

[Event "ch-NED w 2012"]
[Site "Amsterdam NED"]
[Date "2012.07.16"]
[Round "2"]
[White "Lanchava, Tea"]
[Black "Peng, Zhaoqin"]
[Result "1-0"]
[WhiteTitle "IM"]
[BlackTitle "GM"]
[WhiteElo "2336"]
[BlackElo "2414"]
[WhiteFideId "1005308"]
[BlackFideId "1004786"]
[EventDate "2012.07.15"]

1. c4 e5 2. Nc3 Nf6 3. Nf3 Nc6 4. g3 Bc5 5. d3 d6 6. Bg2 O-O 7. O-O h6 8. e3 a6
9. h3 Ba7 10. b3 Bf5 11. d4 exd4 12. Nxd4 Nxd4 13. exd4 c6 14. g4 Bh7 15. d5
cxd5 16. Nxd5 Rb8 17. Bb2 Nxd5 18. Qxd5 Bc5 19. a3 a5 20. Bc3 Re8 21. b4 axb4
22. axb4 Bb6 23. Rad1 Re6 24. c5 Bc7 25. Qc4 Qh4 26. Qd4 Rf6 27. f4 dxc5 28.
bxc5 Rg6 29. f5 Rd8 30. fxg6 Rxd4 31. gxh7+ Kxh7 32. Bxd4 Qg3 33. Rf3 Qh2+ 34.
Kf2 Be5 35. Be3 Bb8 36. Rd7 f6 37. Rxb7 Qe5 38. Rxb8 Qxb8 39. c6 Kg6 40. Bf4
Qb6+ 41. Re3 1-0

[Event "ch-NED w 2012"]
[Site "Amsterdam NED"]
[Date "2012.07.16"]
[Round "2"]
[White "Haast, Anne"]
[Black "Middelveld, Martine"]
[Result "1/2-1/2"]
[WhiteTitle "WIM"]
[WhiteElo "2255"]
[BlackElo "2134"]
[WhiteFideId "1017292"]
[BlackFideId "1016555"]
[EventDate "2012.07.15"]

1. e4 e6 2. d4 d5 3. Nc3 Bb4 4. e5 c5 5. a3 Bxc3+ 6. bxc3 Qc7 7. Qg4 f5 8. Qg3
Nc6 9. Nf3 cxd4 10. cxd4 Nge7 11. Bd2 O-O 12. Bd3 Bd7 13. O-O Be8 14. a4 Bh5 15.
Ng5 Qd7 16. Rfb1 Bg6 17. c3 Na5 18. Nh3 f4 19. Nxf4 Bxd3 20. Qxd3 Nc4 21. Bc1
Rac8 22. h4 Rc6 23. h5 Rfc8 24. Nh3 Na5 25. Bd2 Qe8 26. g4 b6 27. Ng5 g6 28. Kg2
h6 29. Nf3 gxh5 30. Rh1 Qg6 31. Qxg6+ Nxg6 32. gxh5 Ne7 33. Rab1 Kh7 34. Kf1 Rc4
35. Rb4 Rxb4 36. cxb4 Nb3 37. Ke2 Rc4 38. Rb1 Nxd4+ 39. Nxd4 Rxd4 40. Rc1 Rc4
41. Rxc4 dxc4 42. Ke3 Nf5+ 43. Ke4 Kg7 44. b5 Kf7 45. a5 bxa5 46. Bxa5 Ke7 47.
Bb4+ Kd7 48. Bc5 Kc7 49. Bxa7 Ng7 50. Be3 Nf5 51. Bc5 Kb7 52. Kf3 Kc7 53. Ke2
Ng7 54. Ke3 Nxh5 55. Kd4 Nf4 56. Kxc4 Ng6 57. Kd4 h5 58. Ke4 h4 59. f4 h3 60.
Bg1 Nh4 61. Ke3 Kb6 62. Kf2 Nf5 63. Kf3+ Kxb5 64. Kg4 Kc6 65. Kxh3 Kd7 66. Kg4
Ke7 67. Kg5 Kf7 68. Bc5 Ng3 69. Ba3 1/2-1/2

[Event "ch-NED w 2012"]
[Site "Amsterdam NED"]
[Date "2012.07.17"]
[Round "3"]
[White "Peng, Zhaoqin"]
[Black "Haast, Anne"]
[Result "1/2-1/2"]
[WhiteTitle "GM"]
[BlackTitle "WIM"]
[WhiteElo "2414"]
[BlackElo "2255"]
[WhiteFideId "1004786"]
[BlackFideId "1017292"]
[EventDate "2012.07.15"]

1. c4 e5 2. Nc3 Nf6 3. g3 d5 4. cxd5 Nxd5 5. Bg2 Nb6 6. Nf3 Nc6 7. O-O Be7 8.
Rb1 a5 9. d3 O-O 10. Be3 Be6 11. Bxb6 cxb6 12. Qa4 f6 13. Rfd1 Nd4 14. Nxd4 exd4
15. Ne4 Qd7 16. Qxd7 Bxd7 17. Nd2 Bc6 18. Rdc1 Rac8 19. Nb3 Rfd8 20. Rc4 Bxg2
21. Rxc8 Rxc8 22. Kxg2 Bc5 23. a4 Re8 24. Kf3 Re5 25. g4 Rd5 26. h3 Kf7 27. Rd1
b5 28. axb5 Bb6 29. Nd2 Rxb5 30. Nc4 Bc7 31. Ra1 Ke6 32. Ke4 Rd5 33. e3 dxe3 34.
fxe3 f5+ 35. gxf5+ Rxf5 36. d4 Rh5 37. b4 axb4 38. Rb1 b5 39. Nd2 Bd6 40. Nf3
Kd7 41. h4 Kc6 42. Rc1+ Kb6 43. Ra1 g6 44. Rc1 Rf5 45. Ne5 b3 46. Rb1 b4 47.
Rxb3 Kb5 48. Rb1 Rf8 49. Kd5 Be7 50. Nc6 Rf5+ 51. Ke6 Kxc6 52. Kxe7 Rf3 53. e4
Re3 54. e5 b3 55. Ke6 Rd3 56. d5+ Rxd5 57. Rxb3 Rc5 58. Ra3 Rc1 59. Ra7 h6 60.
Ke7 g5 61. h5 g4 62. e6 g3 63. Ra8 Kd5 64. Rg8 Re1 65. Rxg3 Rxe6+ 66. Kf7 Re5
67. Kg6 Ke6 68. Kxh6 Kf7 69. Rg7+ Kf8 70. Ra7 Kg8 71. Ra8+ Kf7 72. Rb8 Ra5 73.
Rb1 Kg8 1/2-1/2